000 00289nam a22001337a 4500
008 170727b xxu||||| |||| 00| 0 eng d
020 _a9780314895639
041 _aeng
080 _a004
100 _a31
101 _aSHK
245 _aPROGRAMMING IN ANSI C
_cKUMAR.R
942 _2udc
_cBK
999 _c22022
_d22022